000 00404nam a2200181Ia 4500
001 17304
005 20260306171507.0
008 260306s9999||||xx |||||||||||||| ||und||
041 _aESP
082 _a657.61
_bk465
100 _aKPMG
_eAUT
245 0 _aLas NIIF comentadas
260 _c2012
300 _a1882 páginas :
_c24 cm.
650 _aGEN
654 _aCCO
942 _cLIB
_dJUS
_fJUS
_2ddc
_n
999 _c17304
_d17304